| 000 | 00892nam a2200265 a 4500 | ||
|---|---|---|---|
| 001 | 50999 | ||
| 003 | BD-RjUL | ||
| 005 | 20211209075609.0 | ||
| 008 | 160829r19721953enka b 001 0 eng d | ||
| 020 | _a0521052653 | ||
| 035 | _a(BD-RjUL)51119 | ||
| 040 |
_aBD-RjUL _beng _cBD-RjUL |
||
| 041 | _aeng | ||
| 082 |
_223 _a514.23 _bHII 1972 |
||
| 100 | 1 |
_aHilton, Peter. _d1923-2010. _9138660 |
|
| 245 | 1 | 3 |
_aAn introduction to homotopy theory / _cby P. J. Hilton |
| 260 |
_aCambridge : _bCambridge University Press, _c1953 [ reprinted 1972] |
||
| 300 |
_a[viii], 142 p. : _bill. ; _c22 cm |
||
| 490 | 1 |
_aCambridge tracts in mathematics and mathematical physics ; _v43 |
|
| 500 | _aIncludes index and glossary | ||
| 504 | _aBibliography p. 134-136 | ||
| 650 | 0 |
_aHomotopy theory _9138202 |
|
| 830 | 0 |
_aCambridge tracts in mathematics and mathematical physics ; _v43 _9156245 |
|
| 942 |
_2ddc _cBK |
||
| 999 |
_c50999 _d50999 |
||